000 00877nam a2200265 i 4500
001 C2-0341858
003 PPAK
005 20180728143408.0
008 170618s2017 my a|||| ||||| | may d
020 _a9789674403454
040 _aPPAK
_beng
_cPPAK
_erda
082 0 4 _a158.30222
_223
090 0 0 _a158.30222
_bAMI
_dG
100 0 _aAmin Al Haadi Shafie,
_eauthor
245 1 0 _aKaunseling individu pendekatan :
_bpemusatan klien rasional emotif tingkah laku terapi tingkah laku
264 1 _aBandar Baru Nilai, Negeri Sembilan :
_bPenerbit Universiti Sains Islam Malaysia ,
_c2017
300 _avi, 157 pages :
_billustrations ;
_c23 cm
336 _2rdacontent
_atext
337 _2rdamedia
_aunmediated
338 _2rdacarrier
_avolume
500 _aIncludes bibliographical references and index.
650 1 0 _aCounseling.
700 _eauthor
942 _ddc
_cB
999 _c138819
_d138819